000 01672nam0a2200337 i 4500
001 RU\NLR\BIBL_A\010806345
005 20260406064708.0
021 _aRU
_b2015-43804
_92593
035 _a(NILC)RuMoRGB-007956375
035 _a(NLR Aleph) 010806345
090 _a10183543
_c10183543
100 _a20150717d2015 k y0rusy50 ca
101 0 _arus
_deng
102 _aRU
105 _aa|||z|||000yy
200 1 _aГазоразрядные процессы в металлоканальных и стандартных фотоумножителях
_fВ.А. Морозов, Н.В. Морозова
210 _aДубна
_cИздательский отдел Объединенного института ядерных исследований
_d2015
215 _a7, [2] с.
_cил.
_d21
225 1 _aПрепринт
_fОбъед. ин-т ядер. исслед.
_vР13-2015-21
300 _aРез. на англ. яз.
320 _aБиблиогр. в конце кн. (3 назв.)
606 _aДетекторы ядерного излучения
_xФотоэлектронные умножители
_92088422
_3RU\NLR\AUTH\661264287
686 1 _aВ381.5
700 1 _8rus
_7ca
_aМорозов
_bВ.А.
_cд-р физ.-мат. наук
_f1934-
_gВладимир Александрович
_3RU\NLR\AUTH\7714422
_9124095
701 1 _8rus
_7ca
_aМорозова
_bН. В.
_cинженер, физик
_gНаталья Владимировна
_3RU\NLR\AUTH\77121961
_9104886
801 0 _aRU
_bРГБ
_c20150618
_gRCR
801 1 _aRU
_bРГБ
_c20150618
_2rusmarc
942 _cBOOK
980 _aNBR